[Event "Belgrade Vidovdan op"]
[Site "Belgrade"]
[Date "2023.06.27"]
[Round "4"]
[White "Ivanovic, Marko"]
[Black "Stanojevic, Ilija"]
[Result "1-0"]
[WhiteElo "2262"]
[BlackElo "2142"]
[PlyCount "71"]
[EventDate "2023.06.26"]
[EventType "swiss"]
[EventRounds "6"]
[EventCountry "SRB"]
[SourceTitle "EXT 2024"]
[Source "ChessBase"]
[SourceDate "2023.10.10"]
[SourceVersion "1"]
[SourceVersionDate "2023.10.10"]
[SourceQuality "1"]

1. Nf3 Nf6 2. d4 e6 3. Bg5 b6 4. Nbd2 Bb7 5. c3 h6 6. Bh4 g5 7. Bg3 Nh5 8. e4 d6 9. Bd3 Nd7 10. Qe2 a6 11. 0-0-0 Bg7 12. Bc2 Qe7 13. Nc4 b5 14. Na5 Rb8 15. d5 e5 16. Nd2 Nf4 17. Qf3 Ba8 18. h4 Nc5 19. Nf1 b4 20. c4 f5 21. hxg5 hxg5 22. Rxh8+ Bxh8 23. Nb3 g4 24. Qe3 Bf6 25. Nxc5 Nxg2 26. Qb3 dxc5 27. exf5 Nf4 28. Kb1 Kf7 29. Ne3 Rg8 30. Rh1 Rg7 31. Bd1 c6 32. Bxg4 cxd5 33. cxd5 Qd6 34. Bf3 e4 35. Bxf4 Qxf4 36. d6+ 1-0

[Event "SRB-ch 17th"]
[Site "Senta"]
[Date "2023.06.10"]
[Round "5"]
[White "Ivanovic, Marko"]
[Black "Ivanisevic, Ivan"]
[Result "0-1"]
[WhiteElo "2262"]
[BlackElo "2535"]
[PlyCount "66"]
[EventDate "2023.06.06"]
[EventType "tourn"]
[EventRounds "9"]
[EventCountry "SRB"]
[EventCategory "9"]
[SourceTitle "CBM 214 Extra"]
[Source "ChessBase"]
[SourceDate "2023.07.31"]
[SourceVersion "1"]
[SourceVersionDate "2023.07.31"]
[SourceQuality "1"]

1. e4 c5 2. Nc3 e6 3. Nge2 a6 4. d4 cxd4 5. Nxd4 b5 6. g3 Bb7 7. Bg2 Nc6 8. Nxc6 Bxc6 9. 0-0 Bc5 10. Bf4 b4 11. Ne2 Nf6 12. Qd3 Qb6 13. h3 Qb7 14. Be5 Bxe4 15. Bxe4 Nxe4 16. h4 0-0 17. Rae1 Rac8 18. Nf4 f5 19. b3 Rf7 20. Re2 Ba7 21. Kh2 d6 22. Bb2 e5 23. Nd5 Bd4 24. Bxd4 Qxd5 25. Bb2 Qxd3 26. cxd3 Nc3 27. Bxc3 bxc3 28. f4 Re7 29. Kg2 Kf7 30. fxe5 Rxe5 31. Rxe5 dxe5 32. Rxf5+ Ke6 33. Rf1 Kd5 0-1

[Event "SRB-ch 17th"]
[Site "Senta"]
[Date "2023.06.08"]
[Round "3"]
[White "Ivanovic, Marko"]
[Black "Indjic, Aleksandar"]
[Result "0-1"]
[WhiteElo "2262"]
[BlackElo "2613"]
[PlyCount "80"]
[EventDate "2023.06.06"]
[EventType "tourn"]
[EventRounds "9"]
[EventCountry "SRB"]
[EventCategory "9"]
[SourceTitle "CBM 214 Extra"]
[Source "ChessBase"]
[SourceDate "2023.07.31"]
[SourceVersion "1"]
[SourceVersionDate "2023.07.31"]
[SourceQuality "1"]

1. e4 e5 2. Nf3 Nc6 3. Nc3 Nf6 4. d4 exd4 5. Nxd4 Bb4 6. Nxc6 bxc6 7. Bd3 d5 8. exd5 0-0 9. 0-0 cxd5 10. Bg5 c6 11. Qf3 Be7 12. h3 h6 13. Bf4 Bd6 14. Ne2 Rb8 15. b3 a5 16. c4 Bxf4 17. Nxf4 Rb4 18. Rad1 Qd6 19. Nh5 Nxh5 20. Qxh5 Qf6 21. Rfe1 Be6 22. cxd5 Bxd5 23. Bc4 Bxc4 24. bxc4 Rb2 25. Re2 Rfb8 26. Rde1 g5 27. Qg4 Rxe2 28. Qxe2 Rb2 29. Qe8+ Kg7 30. Re2 a4 31. g3 a3 32. Qe3 c5 33. Kf1 Rb1+ 34. Kg2 Rb2 35. Kf1 Rxe2 36. Kxe2 Qb2+ 37. Kf3 Qxa2 38. Qe5+ Kg6 39. Qd6+ Kh7 40. Qd5 Kg8 0-1

[Event "EU-ch 23rd"]
[Site "Vrnjacka Banja"]
[Date "2023.03.10"]
[Round "8"]
[White "Mitsis, Georgios"]
[Black "Ivanovic, Marko"]
[Result "1-0"]
[WhiteElo "2407"]
[BlackElo "2302"]
[PlyCount "63"]
[EventDate "2023.03.03"]
[EventType "swiss"]
[EventRounds "11"]
[EventCountry "SRB"]
[SourceTitle "CBM 213"]
[Source "ChessBase"]
[SourceDate "2023.04.30"]
[SourceVersion "1"]
[SourceVersionDate "2023.04.30"]
[SourceQuality "1"]

1. d4 Nf6 2. c4 g6 3. Nc3 Bg7 4. e4 d6 5. Nf3 0-0 6. Be2 e5 7. Be3 exd4 8. Nxd4 Re8 9. f3 c6 10. Bf2 d5 11. exd5 cxd5 12. 0-0 Nc6 13. c5 Bf8 14. Bb5 Bd7 15. Bxc6 Bxc6 16. b4 Rc8 17. Qd2 a6 18. a3 Bg7 19. a4 a5 20. b5 Bd7 21. Nb3 Be6 22. Bd4 Bf8 23. Ne2 Nd7 24. Rac1 Qh4 25. g3 Qh6 26. Nf4 g5 27. Ng2 f6 28. f4 Bf7 29. Ne3 Re4 30. c6 bxc6 31. bxc6 Nb8 32. Ng4 1-0

[Event "EU-ch 23rd"]
[Site "Vrnjacka Banja"]
[Date "2023.03.04"]
[Round "2"]
[White "Butolo, Alexandru Mircea"]
[Black "Ivanovic, Marko"]
[Result "1/2-1/2"]
[WhiteElo "2027"]
[BlackElo "2302"]
[PlyCount "55"]
[EventDate "2023.03.03"]
[EventType "swiss"]
[EventRounds "11"]
[EventCountry "SRB"]
[SourceTitle "CBM 213"]
[Source "ChessBase"]
[SourceDate "2023.04.30"]
[SourceVersion "1"]
[SourceVersionDate "2023.04.30"]
[SourceQuality "1"]

1. e4 d6 2. d4 Nf6 3. Nc3 e5 4. Nf3 Nbd7 5. Bc4 Be7 6. a4 0-0 7. a5 c6 8. 0-0 Qc7 9. h3 Nxe4 10. Nxe4 d5 11. Nxe5 Nxe5 12. Bf4 dxc4 13. dxe5 Be6 14. Qh5 Rad8 15. Rae1 Qxa5 16. Re3 Rd4 17. Bg5 Bxg5 18. Nxg5 h6 19. Nxe6 fxe6 20. Rg3 Rf7 21. Rg6 Qd5 22. c3 Re4 23. f4 Qd2 24. Qxh6 Rxe5 25. Qh4 Re4 26. Qg4 Qe3+ 27. Kh2 b5 28. Rf3 1/2-1/2

[Event "Belgrade Gligoric 100 Ann op"]
[Site "Belgrade"]
[Date "2023.02.05"]
[Round "1"]
[White "Predke, Alexandr"]
[Black "Ivanovic, Marko"]
[Result "1-0"]
[WhiteElo "2684"]
[BlackElo "2298"]
[PlyCount "227"]
[EventDate "2023.02.05"]
[EventType "swiss (blitz)"]
[EventRounds "11"]
[EventCountry "SRB"]
[SourceTitle "EXT 2024"]
[Source "ChessBase"]
[SourceDate "2023.10.10"]
[SourceVersion "1"]
[SourceVersionDate "2023.10.10"]
[SourceQuality "1"]

1. e4 e5 2. Nf3 Nc6 3. Bb5 g6 4. c3 a6 5. Bxc6 dxc6 6. h3 Bg7 7. d4 exd4 8. cxd4 Ne7 9. 0-0 0-0 10. Bf4 c5 11. d5 f5 12. Bxc7 Qxc7 13. d6 Qd7 14. dxe7 Qxe7 15. e5 Be6 16. Nc3 Rfd8 17. Qc2 b5 18. Rfe1 h6 19. Ne2 g5 20. Ng3 Qf7 21. Rad1 Bf8 22. b3 Rac8 23. Rxd8 Rxd8 24. Qc1 Be7 25. Nd2 Rd5 26. Nb1 Qe8 27. Nc3 Rd4 28. Qc2 Qd7 29. Rd1 b4 30. Rxd4 Qxd4 31. Nd1 Qxe5 32. Ne3 f4 33. Qg6+ Kf8 34. Qxh6+ Ke8 35. Qh5+ Bf7 36. Qg4 Qa1+ 37. Kh2 fxg3+ 38. fxg3 Qe5 39. Qc8+ Bd8 40. Ng4 Qd6 41. Qf5 Qe7 42. Ne5 Qe6 43. Qe4 Kf8 44. Qa8 Qxe5 45. Qxd8+ Kg7 46. Qd7 Qe6 47. Qd8 Qf6 48. Qa8 c4 49. bxc4 Bxc4 50. Qb7+ Bf7 51. Qxb4 Qe5 52. a3 a5 53. Qb6 a4 54. Qc6 Qd4 55. Qc7 Qe3 56. Qd6 Qe6 57. Qd4+ Qf6 58. Qxa4 Qe5 59. Qa7 Kf6 60. Qb6+ Be6 61. a4 Qe2 62. Qd4+ Kg6 63. a5 Bc4 64. g4 Ba6 65. Qd6+ Kg7 66. Qc7+ Kf6 67. Qd8+ Kg6 68. Qg8+ Kf6 69. Qh8+ Ke7 70. Qg7+ Ke8 71. Qxg5 Qe6 72. Qf4 Kd7 73. Qd4+ Kc8 74. Qc5+ Kd7 75. Kg3 Bb7 76. Qd4+ Kc8 77. Kf4 Qf7+ 78. Kg5 Qg8+ 79. Kh6 Qe6+ 80. Kg7 Qe7+ 81. Kh6 Qe6+ 82. Kg5 Qe2 83. g3 Qe7+ 84. Qf6 Qe3+ 85. Qf4 Qe7+ 86. Qf6 Qe3+ 87. Kh4 Qa3 88. Qf5+ Kb8 89. g5 Qb4+ 90. g4 Qe1+ 91. Kh5 Be4 92. Qe5+ Kb7 93. Qb2+ Kc8 94. Qb6 Qh1 95. Qc5+ Kd7 96. Qd4+ Kc6 97. Qc3+ Kb5 98. g6 Bd5 99. g7 Qe4 100. Qf6 Qe8+ 101. Kh6 Kxa5 102. h4 Kb5 103. h5 Kc5 104. g5 Bg8 105. Qc3+ Kd5 106. Qd3+ Kc5 107. Qf5+ Bd5 108. Qf2+ Kd6 109. g6 Qe7 110. Qb6+ Ke5 111. Qe3+ Be4 112. Qg5+ Qxg5+ 113. Kxg5 Bd5 114. h6 1-0

[Event "SRB Central-ch"]
[Site "Pirot"]
[Date "2022.11.22"]
[Round "8"]
[White "Todorovic, Bojan"]
[Black "Ivanovic, Marko"]
[Result "1/2-1/2"]
[WhiteElo "2202"]
[BlackElo "2293"]
[PlyCount "36"]
[EventDate "2022.11.16"]
[EventType "swiss"]
[EventRounds "9"]
[EventCountry "SRB"]
[SourceTitle "CBM 211 Extra"]
[Source "ChessBase"]
[SourceDate "2023.01.31"]
[SourceVersion "1"]
[SourceVersionDate "2023.01.31"]
[SourceQuality "1"]

1. d4 Nf6 2. c4 g6 3. Nc3 d5 4. cxd5 Nxd5 5. Bd2 Bg7 6. e4 Nxc3 7. Bxc3 0-0 8. Nf3 Bg4 9. Be2 c5 10. d5 e6 11. 0-0 exd5 12. exd5 Qd6 13. Qb3 b6 14. Rfe1 Bxf3 15. Bxf3 Nd7 16. g3 Rfe8 17. Qa4 Bf6 18. Bd4 Bxd4 1/2-1/2

[Event "SRB Central-ch"]
[Site "Pirot"]
[Date "2022.11.21"]
[Round "7"]
[White "Ivanovic, Marko"]
[Black "Delchev, Aleksander"]
[Result "1/2-1/2"]
[WhiteElo "2293"]
[BlackElo "2497"]
[PlyCount "32"]
[EventDate "2022.11.16"]
[EventType "swiss"]
[EventRounds "9"]
[EventCountry "SRB"]
[SourceTitle "CBM 211 Extra"]
[Source "ChessBase"]
[SourceDate "2023.01.31"]
[SourceVersion "1"]
[SourceVersionDate "2023.01.31"]
[SourceQuality "1"]

1. e4 c5 2. Nf3 d6 3. d4 cxd4 4. Nxd4 Nf6 5. Nc3 Nc6 6. Bg5 e6 7. Qd2 a6 8. 0-0-0 Bd7 9. f3 Nxd4 10. Qxd4 Be7 11. h4 h6 12. Bxf6 gxf6 13. g4 Qa5 14. Kb1 Qc5 15. Qd2 0-0-0 16. f4 Bc6 1/2-1/2

[Event "SRB Central-ch"]
[Site "Pirot"]
[Date "2022.11.20"]
[Round "6"]
[White "Ivanovic, Marko"]
[Black "Mitrovic, Marjan"]
[Result "1-0"]
[WhiteElo "2293"]
[BlackElo "2203"]
[PlyCount "69"]
[EventDate "2022.11.16"]
[EventType "swiss"]
[EventRounds "9"]
[EventCountry "SRB"]
[SourceTitle "CBM 211 Extra"]
[Source "ChessBase"]
[SourceDate "2023.01.31"]
[SourceVersion "1"]
[SourceVersionDate "2023.01.31"]
[SourceQuality "1"]

1. e4 c5 2. Nf3 d6 3. d4 cxd4 4. Nxd4 Nf6 5. Nc3 g6 6. Be3 Bg7 7. f3 0-0 8. Qd2 Nc6 9. Bc4 Bd7 10. 0-0-0 Qc7 11. Bb3 Rfc8 12. g4 Na5 13. h4 Nc4 14. Bxc4 Qxc4 15. h5 b5 16. Kb1 b4 17. Nd5 Nxd5 18. exd5 Qxd5 19. hxg6 fxg6 20. Qh2 Kf7 21. Nf5 Qe5 22. Qxe5 Bxe5 23. Rxh7+ Kg8 24. Rxe7 Ba4 25. Nh6+ Kf8 26. Rf7+ Ke8 27. b3 Bc6 28. Bd4 Bd5 29. Rh7 Bxd4 30. Rxd4 Bxf3 31. Rxd6 Rc6 32. Rd3 Rf6 33. g5 Rf4 34. Rh8+ Ke7 35. Rxf3 1-0

[Event "SRB Central-ch"]
[Site "Pirot"]
[Date "2022.11.18"]
[Round "3"]
[White "Krstic, Andrija Marko"]
[Black "Ivanovic, Marko"]
[Result "1/2-1/2"]
[WhiteElo "2019"]
[BlackElo "2293"]
[PlyCount "112"]
[EventDate "2022.11.16"]
[EventType "swiss"]
[EventRounds "9"]
[EventCountry "SRB"]
[SourceTitle "CBM 211 Extra"]
[Source "ChessBase"]
[SourceDate "2023.01.31"]
[SourceVersion "1"]
[SourceVersionDate "2023.01.31"]
[SourceQuality "1"]

1. d4 Nf6 2. c4 g6 3. g3 Bg7 4. Bg2 d6 5. Nf3 0-0 6. Nc3 Nbd7 7. 0-0 e5 8. e4 c6 9. h3 Qb6 10. c5 dxc5 11. dxe5 Ne8 12. e6 fxe6 13. Ng5 Ne5 14. f4 Nf7 15. Nxf7 Rxf7 16. e5 Bf8 17. Qe2 Nc7 18. h4 Nd5 19. Ne4 Bd7 20. h5 Be7 21. Nf2 Raf8 22. Be4 gxh5 23. Qxh5 Rg7 24. Kh2 c4 25. Ng4 Qd4 26. Nh6+ Kh8 27. Qe2 Be8 28. Rd1 Qc5 29. f5 exf5 30. Nxf5 Bg6 31. Rf1 Rgf7 32. g4 Re8 33. Bd2 Bf8 34. Bxd5 cxd5 35. Be3 Rxe5 36. Qd2 Qc7 37. Bd4 Bg7 38. Bxe5 Qxe5+ 39. Kh3 Bxf5 40. Rae1 Be4 41. Rxf7 h5 42. Qf4 Qxf4 43. Rxf4 hxg4+ 44. Kxg4 Bxb2 45. Rf7 b5 46. Rb7 Bd4 47. Rxe4 dxe4 48. Kf5 Kg8 49. Kxe4 Bb6 50. a4 bxa4 51. Rb8+ Kf7 52. Rc8 a3 53. Rxc4 Bd8 54. Ra4 Be7 55. Rxa7 Ke6 56. Rxa3 Bxa3 1/2-1/2

[Event "SRB-chT Premier"]
[Site "Vrnjacka Banja"]
[Date "2022.09.29"]
[Round "10.3"]
[White "Ivanovic, Marko"]
[Black "Ivic, Velimir"]
[Result "0-1"]
[WhiteElo "2265"]
[BlackElo "2553"]
[PlyCount "38"]
[EventDate "2022.09.20"]
[EventType "team-tourn"]
[EventRounds "11"]
[EventCountry "SRB"]
[SourceTitle "CBM 210 Extra"]
[Source "ChessBase"]
[SourceDate "2022.11.30"]
[SourceVersion "1"]
[SourceVersionDate "2022.11.30"]
[SourceQuality "1"]
[WhiteTeam "Vladimirci"]
[BlackTeam "Pozega"]
[WhiteTeamCountry "SRB"]
[BlackTeamCountry "SRB"]

1. e4 e5 2. Nf3 Nc6 3. d4 exd4 4. Bc4 Nf6 5. e5 Ne4 6. Qe2 Nc5 7. 0-0 Ne6 8. c3 d5 9. exd6 Bxd6 10. cxd4 0-0 11. Be3 Nf4 12. Qd2 Qf6 13. Nc3 Nxg2 14. Kxg2 Bh3+ 15. Kxh3 Qxf3+ 16. Kh4 Nxd4 17. Qxd4 Be7+ 18. Bg5 Bxg5+ 19. Kxg5 h6+ 0-1

[Event "SRB-chT Premier"]
[Site "Vrnjacka Banja"]
[Date "2022.09.28"]
[Round "9.5"]
[White "Gokerkan, Cem Kaan"]
[Black "Ivanovic, Marko"]
[Result "1-0"]
[WhiteElo "2465"]
[BlackElo "2265"]
[PlyCount "149"]
[EventDate "2022.09.20"]
[EventType "team-tourn"]
[EventRounds "11"]
[EventCountry "SRB"]
[SourceTitle "CBM 210 Extra"]
[Source "ChessBase"]
[SourceDate "2022.11.30"]
[SourceVersion "1"]
[SourceVersionDate "2022.11.30"]
[SourceQuality "1"]
[WhiteTeam "Lucani Mladost"]
[BlackTeam "Vladimirci"]
[WhiteTeamCountry "SRB"]
[BlackTeamCountry "SRB"]

1. e4 e5 2. Nf3 Nc6 3. Bc4 Bc5 4. 0-0 Nf6 5. Re1 d6 6. c3 0-0 7. d4 Bb6 8. h3 h6 9. Be3 Re8 10. Nbd2 exd4 11. Bxd4 Nxd4 12. cxd4 d5 13. Bxd5 Nxd5 14. exd5 Rxe1+ 15. Qxe1 Bf5 16. Qe5 Qd7 17. Re1 Rd8 18. Nc4 f6 19. Qg3 Qf7 20. Qf4 Bd3 21. Ne3 g5 22. Qg3 Qg6 23. h4 Re8 24. hxg5 hxg5 25. d6 cxd6 26. Nd5 Be4 27. Qxd6 Kg7 28. Qd7+ Kf8 29. Qd6+ Kg7 30. Qd7+ Kf8 31. Nxb6 axb6 32. Nd2 Bc6 33. Rxe8+ Qxe8 34. Qxe8+ Kxe8 35. g4 Ke7 36. f3 Ke6 37. Kf2 f5 38. gxf5+ Kxf5 39. Ke3 b5 40. a3 g4 41. fxg4+ Kxg4 42. Ne4 Kf5 43. Nc5 Kg4 44. Ne6 Kf5 45. Nc7 Bd7 46. Kd3 Kf4 47. Nd5+ Kf5 48. Nc7 Kf4 49. Kc3 Ke4 50. Na8 Bh3 51. Nb6 Bf1 52. Nd7 Kd5 53. Nc5 Kc6 54. Ne4 Kd5 55. Nf6+ Ke6 56. Ng4 Kd6 57. Ne3 Be2 58. Kd2 Bf3 59. Kd3 Bh5 60. Nf5+ Kd5 61. Kc3 Be2 62. Ne7+ Ke6 63. Ng6 Kf5 64. Ne5 Ke6 65. Kd2 Bh5 66. Nd3 Kd6 67. Ke3 Bf7 68. Nc5 Bd5 69. Ne4+ Kc6 70. Kf4 Bb3 71. Ke5 b4 72. Nc5 Bc4 73. axb4 b6 74. Ne4 Bb3 75. Nc3 1-0